[Event "Passau op 8th"]
[Site "Passau"]
[Date "2000.04.23"]
[Round "5"]
[White "Kalkhof, Sandra"]
[Black "Keinki, Harald"]
[Result "1-0"]
[WhiteElo "1773"]
[BlackElo "1829"]
[PlyCount "153"]
[EventDate "2000.04.21"]
[EventType "swiss"]
[EventRounds "7"]
[EventCountry "GER"]
[SourceTitle "CBM 076 Extra"]
[Source "ChessBase"]
[SourceDate "2000.07.11"]
[SourceVersion "1"]
[SourceVersionDate "2000.07.11"]
[SourceQuality "1"]

1. e4 c5 2. Nf3 d6 3. d4 cxd4 4. Nxd4 Nf6 5. Nc3 a6 6. Be2 e6 7. 0-0 Be7 8. f4 Qc7 9. Be3 Nbd7 10. Kh1 b5 11. a3 0-0 12. Bf3 Bb7 13. Qe1 Nc5 14. Bf2 Rfd8 15. Rd1 e5 16. Nf5 Bf8 17. Bh4 Re8 18. Bxf6 gxf6 19. Qg3+ Kh8 20. Rxd6 exf4 21. Qg4 Bxe4 22. Nd5 Bxf5 23. Qxf5 Qxd6 24. Nxf6 Qxf6 25. Qxf6+ Bg7 26. Qxf4 Ra7 27. Qf5 Rc7 28. b4 Ne6 29. Be4 Nf8 30. h4 Rce7 31. Bc6 Rd8 32. Qg5 Ng6 33. h5 h6 34. Qf5 Nf8 35. g4 Rd4 36. Rf4 Rd1+ 37. Kg2 Rd2+ 38. Rf2 Rd4 39. Bf3 Rc7 40. g5 Rd6 41. gxh6 Rxh6 42. Be4 Rf6 43. Qd5 Re6 44. Qa8 Kg8 45. Qb8 Rc3 46. Bd5 Be5 47. Qa7 Rc7 48. Qe3 Ree7 49. Qg5+ Kh8 50. Bxf7 Bg7 51. Bg6 Ne6 52. Qd5 Ra7 53. Bf5 Nf8 54. Qd8 Rec7 55. Bg6 Kg8 56. Qd5+ Kh8 57. Rf7 Rxf7 58. Bxf7 Rc7 59. Bg6 Re7 60. Qd8 Re6 61. Qc8 Kg8 62. c4 bxc4 63. Qxc4 Kh8 64. a4 Rd6 65. Qc8 Rd4 66. b5 axb5 67. axb5 Rb4 68. Qc6 Bd4 69. Qe8 Bg7 70. Kf3 Kg8 71. Qf7+ Kh8 72. Qd5 Bd4 73. Qf5 Bg7 74. Qc5 Rb3+ 75. Ke4 Rb2 76. b6 Re2+ 77. Kd3 1-0

[Event "Passau op 8th"]
[Site "Passau"]
[Date "2000.04.22"]
[Round "4"]
[White "Keinki, Harald"]
[Black "Klein, Reinhard"]
[Result "1/2-1/2"]
[WhiteElo "1829"]
[BlackElo "1555"]
[PlyCount "40"]
[EventDate "2000.04.21"]
[EventType "swiss"]
[EventRounds "7"]
[EventCountry "GER"]
[SourceTitle "CBM 076 Extra"]
[Source "ChessBase"]
[SourceDate "2000.07.11"]
[SourceVersion "1"]
[SourceVersionDate "2000.07.11"]
[SourceQuality "1"]

1. e4 d6 2. d4 Nf6 3. Nc3 g6 4. f4 Bg7 5. Nf3 0-0 6. Bd3 c5 7. e5 Ne8 8. 0-0 cxd4 9. Nb5 dxe5 10. fxe5 Nc6 11. Be4 Nxe5 12. Nbxd4 Nxf3+ 13. Nxf3 Qxd1 14. Rxd1 Nf6 15. Bd3 Bg4 16. Re1 Bxf3 17. gxf3 e6 18. Bg5 Rac8 19. c3 h6 20. Be3 a6 1/2-1/2

[Event "Passau op 8th"]
[Site "Passau"]
[Date "2000.04.21"]
[Round "1"]
[White "Eisfeld, Klaus"]
[Black "Keinki, Harald"]
[Result "1/2-1/2"]
[WhiteElo "2220"]
[BlackElo "1829"]
[PlyCount "48"]
[EventDate "2000.04.21"]
[EventType "swiss"]
[EventRounds "7"]
[EventCountry "GER"]
[SourceTitle "CBM 076 Extra"]
[Source "ChessBase"]
[SourceDate "2000.07.11"]
[SourceVersion "1"]
[SourceVersionDate "2000.07.11"]
[SourceQuality "1"]

1. c4 Nf6 2. g3 g6 3. Bg2 Bg7 4. Nc3 0-0 5. e3 d6 6. Nge2 e5 7. d4 c6 8. 0-0 Nbd7 9. b3 Re8 10. Ba3 Nf8 11. d5 c5 12. e4 Nh5 13. b4 b6 14. b5 Bh6 15. Bc1 Bxc1 16. Qxc1 Ng7 17. Qh6 f5 18. f3 g5 19. Bh3 f4 20. Bxc8 Rxc8 21. Rf2 Ng6 22. Rg2 Qf6 23. g4 Rf8 24. Rf2 Nh4 1/2-1/2